[Event "Mlada Boleslav Region-ch U20"]
[Site "Mlada Boleslav"]
[Date "2014.06.21"]
[Round "1"]
[White "Pastrnek, Michal"]
[Black "Prichystal, Simon"]
[Result "1-0"]
[WhiteElo "1357"]
[BlackElo "1252"]
[PlyCount "55"]
[EventDate "2014.06.21"]
[EventType "swiss"]
[EventRounds "7"]
[EventCountry "CZE"]
[SourceTitle "EXT 2016"]
[Source "ChessBase"]
[SourceDate "2015.10.08"]
[SourceVersion "1"]
[SourceVersionDate "2015.10.08"]
[SourceQuality "1"]

1. e4 e5 2. Nf3 Nc6 3. d4 exd4 4. Nxd4 Bc5 5. Be3 Nxd4 6. Bxd4 Bxd4 7. Qxd4 Ne7 8. Qxg7 Ng6 9. Bc4 Qe7 10. 0-0 d6 11. Nc3 Be6 12. Nd5 Bxd5 13. Bxd5 c6 14. Bb3 Qf8 15. Qf6 Qe7 16. Qxe7+ Nxe7 17. Rad1 Rd8 18. Rfe1 f6 19. Rd3 Rd7 20. Red1 Nc8 21. Be6 Rd8 22. Bxc8 Rxc8 23. Rxd6 Ke7 24. Rd7+ Ke8 25. Rxb7 a5 26. Rdd7 Rd8 27. Rxd8+ Kxd8 28. Rb8+ 1-0